书目信息 |
| 题名: |
宋人总集叙录
|
|
| 作者: | 祝尚书 著 | |
| 分册: | ||
| 出版信息: | 北京 中华书局 2019.12 |
|
| 页数: | 742页 | |
| 开本: | 21cm | |
| 丛书名: | ||
| 单 册: | ||
| 中图分类: | G256.22 , Z838 | |
| 科图分类: | ||
| 主题词: | 古典文学--gu dian wen xue--版本--图书目录--研究--中国--宋代 | |
| 电子资源: | ||
| ISBN: | 978-7-101-14270-9 | |
| 000 | 00792nam0 2200241 450 | |
| 001 | 2131053764 | |
| 005 | 20211029202829.0 | |
| 010 | @a978-7-101-14270-9@b精装@dCNY128.00 | |
| 100 | @a20200604d2019 em y0chiy0120 ea | |
| 101 | 0 | @achi |
| 102 | @aCN@b110000 | |
| 105 | @ay z 001yy | |
| 106 | @ar | |
| 200 | 1 | @a宋人总集叙录@Asong ren zong ji xu lu@e增订本@f祝尚书著 |
| 210 | @a北京@c中华书局@d2019.12 | |
| 215 | @a742页@d21cm | |
| 330 | @a本书著录并考述现存宋人总集(包括残本)的版本源流,评述主要传本之优劣得失,且将主要传本的序跋于其后。 | |
| 606 | 0 | @a古典文学@Agu dian wen xue@x版本@x图书目录@x研究@y中国@z宋代 |
| 690 | @aG256.22@v5 | |
| 690 | @aZ838@v5 | |
| 701 | 0 | @a祝尚书@Azhu shang shu@f(1944-)@4著 |
| 801 | 0 | @aCN@b百万庄@c20211029 |
| 905 | @b1313415-18@dG256.22@e117@f4 | |
| 宋人总集叙录:增订本/祝尚书著.-北京:中华书局,2019.12 |
| 742页;21cm |
| ISBN 978-7-101-14270-9(精装):CNY128.00 |
| 本书著录并考述现存宋人总集(包括残本)的版本源流,评述主要传本之优劣得失,且将主要传本的序跋于其后。 |
| ● |
| 相关链接 |
|
|
|
|
正题名:宋人总集叙录
索取号:G256.22/117
 
预约/预借
| 序号 | 登录号 | 条形码 | 馆藏地/架位号 | 状态 | 备注 |
| 1 | 1313415 | 213134151 | 第一样本阅览室/ [索取号:G256.22/117] | 在馆 | |
| 2 | 1313416 | 213134160 | 第四借阅区/ [索取号:G256.22/117] | 在馆 | |
| 3 | 1313417 | 213134179 | 第四借阅区/ [索取号:G256.22/117] | 在馆 | |
| 4 | 1313418 | 213134188 | 第四借阅区/ [索取号:G256.22/117] | 在馆 |